00645nam a2200181 i 4500001000700000003000900007005001700016008004100033080002100074100002600095245007600121260005500197300002100252500009000273650003700363655004000400852002300440162172ES-MaACL20230906212438.0170531s1955 mx |||| | spa d a7:061.43(72)"19"0 aFernández, Justino.10aCatálogo de las exposiciones de arte en 1954 / cJustino Fernández. aMéxico : b[s.n.], c1955 (fImp. Universitaria) a57 p. ; c23 cm. a"Suplemento del núm. 23 de los Anales del Instituto de Investigaciones Estéticas" 4aExposiciones de arte-zMéxico. 72tgfbneaCatálogos de exposiciones aES-MaACLj2336-F-7